Bilingual Bee Animal Alphabet (George Boggs) - Statistics

General Stats
  • This quiz has been taken 47 times
  • The average score is 23 of 26
Answer Stats
Picture Hint Answer % Correct
C Cow
100%
G Gorilla
100%
A Alligator
97%
B Bear
97%
D Duck
97%
E Elephant
97%
F Flamingo
97%
H Horse
97%
I Iguana
97%
J Jaguar
97%
L Lion
97%
K Koala
94%
M Monkey
94%
O Ostrich
85%
P Pig
85%
S Swan
85%
T Turtle
85%
Y Yak
85%
Z Zebra
85%
Q Quail
82%
W Wolf
82%
N Nightingale
79%
R Rhinoceros
79%
V Vulture
79%
X X-Ray Fish
73%
U Umbrella Bird
67%
No matching quizzes found
Score Distribution
Percent of People with Each Score
Percentile by Number Answered
Your Score History
You have not taken this quiz